Women and the comic plot in Menander / (Record no. 3467)
[ view plain ]
| 000 -LEADER | |
|---|---|
| fixed length control field | 01250cam a2200385Ma 4500 |
| 001 - CONTROL NUMBER | |
| control field | ocn798409202 |
| 003 - CONTROL NUMBER IDENTIFIER | |
| control field | OCoLC |
| 005 - DATE AND TIME OF LATEST TRANSACTION | |
| control field | 20170829095454.0 |
| 008 - FIXED-LENGTH DATA ELEMENTS--GENERAL INFORMATION | |
| fixed length control field | 120626r20122008enk b 001 0 eng d |
| 015 ## - NATIONAL BIBLIOGRAPHY NUMBER | |
| National bibliography number | GBB264846 |
| Source | bnb |
| 016 7# - NATIONAL BIBLIOGRAPHIC AGENCY CONTROL NUMBER | |
| Record control number | 016117835 |
| Source | Uk |
| 020 ## - INTERNATIONAL STANDARD BOOK NUMBER | |
| International Standard Book Number | 9781107407947 |
| Qualifying information | (pbk.) |
| 020 ## - INTERNATIONAL STANDARD BOOK NUMBER | |
| International Standard Book Number | 110740794X |
| Qualifying information | (pbk.) |
| 035 ## - SYSTEM CONTROL NUMBER | |
| System control number | (OCoLC)798409202 |
| 040 ## - CATALOGING SOURCE | |
| Original cataloging agency | UKMGB |
| Language of cataloging | eng |
| Transcribing agency | UKMGB |
| Modifying agency | OCLCO |
| -- | YDXCP |
| -- | GZM |
| -- | OCLCF |
| -- | OCLCO |
| -- | OCLCQ |
| 049 ## - LOCAL HOLDINGS (OCLC) | |
| Holding library | TZAA |
| 050 #4 - LIBRARY OF CONGRESS CALL NUMBER | |
| Classification number | PA4247 |
| Item number | .T73 2012 |
| 082 04 - DEWEY DECIMAL CLASSIFICATION NUMBER | |
| Classification number | 882.01 |
| Edition number | 23 |
| 100 1# - MAIN ENTRY--PERSONAL NAME | |
| Personal name | Traill, Ariana, |
| Dates associated with a name | 1969- |
| 245 10 - TITLE STATEMENT | |
| Title | Women and the comic plot in Menander / |
| Statement of responsibility, etc | Ariana Traill. |
| 250 ## - EDITION STATEMENT | |
| Edition statement | 1st pbk ed. |
| 260 ## - PUBLICATION, DISTRIBUTION, ETC. (IMPRINT) | |
| Place of publication, distribution, etc | Cambridge ; |
| -- | New York : |
| Name of publisher, distributor, etc | Cambridge University Press, |
| Date of publication, distribution, etc | 2012. |
| 300 ## - PHYSICAL DESCRIPTION | |
| Extent | x, 301 pages ; |
| Dimensions | 23 cm |
| 500 ## - GENERAL NOTE | |
| General note | Originally published: 2008. |
| 504 ## - BIBLIOGRAPHY, ETC. NOTE | |
| Bibliography, etc | Includes bibliographical references and index. |
| 600 00 - SUBJECT ADDED ENTRY--PERSONAL NAME | |
| Personal name | on order |
| 600 00 - SUBJECT ADDED ENTRY--PERSONAL NAME | |
| Personal name | Menander, |
| Titles and other words associated with a name | of Athens |
| General subdivision | Characters |
| -- | Women. |
| 600 07 - SUBJECT ADDED ENTRY--PERSONAL NAME | |
| Personal name | Menander, |
| Titles and other words associated with a name | of Athens. |
| Source of heading or term | fast |
| 650 #0 - SUBJECT ADDED ENTRY--TOPICAL TERM | |
| Topical term or geographic name as entry element | Women in literature. |
| 650 #0 - SUBJECT ADDED ENTRY--TOPICAL TERM | |
| Topical term or geographic name as entry element | Greek drama (Comedy) |
| General subdivision | History and criticism. |
| 650 #7 - SUBJECT ADDED ENTRY--TOPICAL TERM | |
| Topical term or geographic name as entry element | Greek drama (Comedy) |
| Source of heading or term | fast |
| 650 #7 - SUBJECT ADDED ENTRY--TOPICAL TERM | |
| Topical term or geographic name as entry element | Women in literature. |
| Source of heading or term | fast |
| 655 #7 - INDEX TERM--GENRE/FORM | |
| Genre/form data or focus term | Criticism, interpretation, etc. |
| Source of term | fast |
| 942 ## - ADDED ENTRY ELEMENTS (KOHA) | |
| Source of classification or shelving scheme | Library of Congress Classification |
| Koha item type | Books |
| Home library | Current library | Date acquired | Full call number | Koha item type |
|---|---|---|---|---|
| African Court on Human and Peoples' Rights Library | African Court on Human and Peoples' Rights Library | 29/08/2017 | on order | Books |
| African Court on Human and Peoples' Rights Library | African Court on Human and Peoples' Rights Library | 29/08/2017 | on order | Books |
| African Court on Human and Peoples' Rights Library | African Court on Human and Peoples' Rights Library | 29/08/2017 | on order | Books |
| African Court on Human and Peoples' Rights Library | African Court on Human and Peoples' Rights Library | 29/08/2017 | on order | Books |
